000 00495nam a2200181Ia 4500
005 20250326124159.0
008 250326s9999 xx 000 0 und d
037 _aTextbook
040 _aFMSL
_beng
_cFMSL
041 _aeng
_2eng
084 _aX:51 L0;8
_qFMSL
100 _aPearce E
245 0 _aMarketing and higher management
_cPearce E
260 _aLondon
_bLondon, George Allen And Unwin
_c1970
300 _a250p
942 _cTB
_hX:51 L0;8
999 _c1272614
_d1272614